| 000 | 00520nam a22001697a 4500 | ||
|---|---|---|---|
| 003 | OSt | ||
| 005 | 20120302150134.0 | ||
| 008 | 090616t xxu||||| |||| 00| 0 eng d | ||
| 035 | _a५३६२ | ||
| 040 | _cमराठी | ||
| 100 |
_aपचिंद्रे, श्रीराम ग. _96422 |
||
| 245 | _aपत्रे सुरेश भटांची | ||
| 250 | _a१ ली | ||
| 260 |
_aकोल्हापूर _bगौरव _c१९९२ |
||
| 300 | _b७१ पाने | ||
| 942 |
_2ddc _cBOOK |
||
| 999 |
_c491446 _d491443 |
||